000 00552nam a22001817a 4500
005 20251108172644.0
008 250721s1986 xx 000 0 ara d
082 1 4 _a214.11/دقن
100 1 _aالدقن، السيد محمد
245 1 0 _aكسوة الكعبة المعظمة عبر التاريخ /
264 1 _aالقاهرة :
_bمطبعة الجيلاوي،
_c1986.
300 _a320 ص
650 1 7 _aالكعبة
650 1 7 _aالأماكن المقدسة
650 1 7 _aالمسجد الحرام
942 _2ddc
_cBK
999 _c85126
_d85126